00293nam a2200121Ia 450000500170000000800410001708200130005810000160007124500190008726000350010630000120014165000180015320250320161103.0240331s9999 xx 000 0 und d bSAMa894 aSambandan,K 0aDharmavathikal aDehiwalabRajanayagam, Sc1997 a87 p ., aShort Stories